Family in India: critical essays (Record no. 400302)

000 -LEADER
fixed length control field 00356cam a22001337a 4500
008 - FIXED-LENGTH DATA ELEMENTS--GENERAL INFORMATION
fixed length control field 180718b1998 xxu||||| |||| 00| 0 eng d
020 ## - INTERNATIONAL STANDARD BOOK NUMBER
International Standard Book Number 8125013067
082 ## - DEWEY DECIMAL CLASSIFICATION NUMBER
Classification number B14x54 Sh14
100 ## - MAIN ENTRY--PERSONAL NAME
Personal name Shah, A.M.
245 ## - TITLE STATEMENT
Title Family in India: critical essays
Statement of responsibility, etc. by A.M. Shah
260 ## - PUBLICATION, DISTRIBUTION, ETC.
Place of publication, distribution, etc. New Delhi
Name of publisher, distributor, etc. Orient Longman
Date of publication, distribution, etc. 1998
300 ## - PHYSICAL DESCRIPTION
Extent 173p.
650 ## - SUBJECT ADDED ENTRY--TOPICAL TERM
Topical term or geographic name entry element Family - India.
Holdings
Withdrawn status Lost status Damaged status Not for loan Permanent Location Current Location Date acquired Full call number Barcode Date last seen Price effective from Koha item type
        Indian Institute of Public Administration Indian Institute of Public Administration 2002-10-23 B14x54 Sh14 78023 2018-07-21 2018-07-21 Book

Powered by Koha